A népesedés. Közgazdasági tanulmány.
Elmentve itt :
| Szerző: | |
|---|---|
| Adatforrás: | Philobibl |
| Dokumentumtípus: | Könyv |
| Nyelv: | magyar |
| Megjelent: |
Bp.
Politzer.
1905
|
| LEADER | 00303nam a2200109 c 4500 | ||
|---|---|---|---|
| 001 | bibDOK00026278 | ||
| 005 | 20200924122056.4 | ||
| 008 | 060518s1905 hu hun | ||
| 100 | 1 | |a Balás Károly | |
| 245 | 1 | 2 | |a A népesedés. Közgazdasági tanulmány. |c Balás Károly |
| 260 | |a Bp. |b Politzer. |c 1905 | ||
| 300 | |a 541 p. p. | ||